Statistics for Diablo 3 - Classes

Click here to take the quiz!

General Stats

  • This quiz has been taken 123 times
  • The average score is 6 of 7

Answer Stats

Answer% Correct
Demon Hunter
91%
Barbarian
90%
Necromancer
82%
Witch Doctor
81%
Monk
79%
Wizard
79%
Crusader
78%

Score Distribution

Percentile by Number Answered

Percent of People with Each Score

Your Score History

You have not taken this quiz